000 00644nam a2200217 a 4500
999 _c3748
_d3748
001 3748
003 BD-JhCC
005 20171118093549.0
008 171118s1987 bg |||| |||| 000 0 ben d
035 _a(BD-JhCC) 3748
040 _aBD-JhCC
_dBD-JhCC
041 _aben
082 _a891.4415
_bCHO 1987
100 _aচৌধুরী, আসাদ
245 _aতবক দেওয়া পান /
_cআসাদ চৌধুরী
260 _aঢাকা :
_bমুক্তধারা,
_c১৯৮৭.
300 _a৬৪ পৃ. :
_c২১ সেমি.
650 _aCollection of poems
942 _2ddc
_cBK